[Event "LSS OP-2008-0-00531"]
[Site "LSS email"]
[Date "2008.04.30"]
[Round "?"]
[White "Lan Chow Wing, Guillaume"]
[Black "Bester, Kazimierz"]
[Result "0-1"]
[WhiteElo "800"]
[BlackElo "1062"]
[PlyCount "54"]
[EventDate "2008.04.25"]
[EventType "tourn (corr)"]
[EventRounds "4"]
[EventCountry "GER"]
[SourceTitle "Corr 2011"]
[Source "ChessBase"]
[SourceDate "2010.08.31"]
[SourceVersion "1"]
[SourceVersionDate "2010.08.31"]
[SourceQuality "1"]

1. e4 c5 2. Bc4 d6 3. Nf3 Nf6 4. Nc3 a6 5. a4 Nc6 6. d4 cxd4 7. Nxd4 e6 8. Bg5 Be7 9. 0-0 0-0 10. Kh1 Ne5 11. Be2 Bd7 12. f4 Ng6 13. f5 Nh8 14. Qd2 exf5 15. exf5 Rc8 16. Bd3 Re8 17. Nce2 Rc5 18. Nb3 Rd5 19. Qe1 Bc6 20. Nf4 Re5 21. Qc3 h6 22. Bxf6 Bxf6 23. Qd2 Bg5 24. Nc1 Qf6 25. Qf2 Be4 26. Nh3 Rxf5 27. Qg3 Rxf1+ 0-1